000
00232nam a2200097Ia 4500
008
120527s9999 xx 000 0 und d
100
_a
BROWN, et al
245
_a
Chemistry the central science
260
_b
Prentice-hall
942
_c
BK
999
_c
25575
_d
25575